000 00880nas a2200277 4500
001 BR9214298
003 BR-BrBNA
005 20231205093610.0
007 ta
008 230509b bl.|||p| |||| 00| 00por d
040 _aBR-BrBNA
_bpor
_cBiblioteca Nacional de Agricultura
041 _a(Pt)
072 _aF02
100 1 _aDuarte, O.R.
100 1 _aFachinello, J.C.
100 1 _aSantos Filho, B.G. dos
245 1 _aMultiplicacao da goiabeira serrana atraves de estacas semilenhosas
246 1 _aMultiplication of Feijoa sellowiana through softwood cuttings
650 _aGoiaba
650 _aAcido Indolbutirico
650 _aReproducao Vegetal
650 _aEnraizamento
773 0 _tPesquisa Agropecuaria Brasileira (Brazil)
_xISSN 0100-204X
_g(Mar 1992), v. 27(3) p. 513-516
_wBR9214298
909 _a202311
_bLúcia
_c55
_dLúcia Elande
942 _2AGRIS
_n0
_cANA
999 _c139385
_d139385